000
00312nam a2200145Ia 4500
005
20250423095621.0
008
250422s9999 xx 000 0 und d
020
_a
9750077008
245
0
_a
His compassion
260
_a
Turkey
260
_b
Abet Print House
260
_c
2006
300
_a
90 p
942
_c
BK
999
_c
30816
_d
30816